LEADER 01164nam a2200277 i 4500 001 991002642969707536 008 040706s2003 it f 000 0 ita d 020 $a888233399X 035 $ab12954810-39ule_inst 040 $aSet. Economia$bita 082 4$a346.0668 100 1 $aFrascarelli, Mario$0381080 245 13$aLe nuove società cooperative :$baspetti civilistici, contabili e fiscali : speciale riforma : i nuovi statuti sociali, le modifiche statutarie, il nuovo albo delle cooperative, i ristorni, le nuove regole fiscali - IRES /$cMario Frascarelli 250 $a11. ed. 260 $aMilano :$bFAG,$c2004 300 $a448 p. ;$c24 cm +$e1 CD-ROM 500 $aGià pubbl. nel 1990, 11. ed. aggiornata 500 $aIn cop.: Cesi multimedia 504 $aInclude bibliografia 650 4$aCooperative$xLegislazione 907 $a.b12954810$b15-12-14$c06-07-04 912 $a991002642969707536 945 $aLE025 ECO 346 FRA02.01$g1$i2025000097643$lle025$op$pE38.00$q-$rl$s- $t0$u37$v9$w37$x0$y.i13939932$z16-11-04 996 $aNuove società cooperative$9279806 997 $aUNISALENTO 998 $ale025$b06-07-04$cm$da $e-$fita$git $h3$i0